000 00541nam a2200169 i 4500
001 64360
003 ES-MaACL
005 20230906165118.0
007 t|
008 031223s1970 sp ||||1| spa d
100 1 _aFloyd, David.
_951368
245 1 3 _aLa primera Revolución Rusa
_b: resquebrajamiento del poder zarista /
_cDavid Floyd ; [traducción de Sara Estrada].
260 _aBarcelona :
_bNauta,
_c[1970]
300 _a126 p., 13 lám. :
_bil. ;
_c22 cm.
700 1 _aEstrada, Sara.
_948213
852 _aES-MaACL
_jC-45206
_bR.76542
999 _c64360
_d64360